000 00718cam a2200241 a 4500
001 115
003 BR-CuiBMT
005 20231114233115.0
008 230816s2023 mgb 000 0 por d
020 _a9786555180459
040 _aBR-CuiBMT
_cBR-CuiBMT
080 _a34:336.2
_22007
090 _a34:336.2
_bT157c
100 1 _aTamer, Mauricio Antonio
245 1 0 _aCompliance e direito penal econômico /
_cMaurício Tamer.
260 _aBelo Horizonte :
_bFórum,
_c2023.
300 _a263 p. ;
_c22 cm
504 _aInclui bibliografia.
650 _aProgramas de compliance
_xFundamentos
650 _aDireito penal econômico
_xTeoria jurídica
650 _aDireito processual penal
_zBrasil
942 _2udc
_cLV
999 _c115
_d115